[Event "FRA-chT 9900"]
[Site "France"]
[Date "2000.04.02"]
[Round "7.8"]
[White "Stoessel, Patrice"]
[Black "Lallemand, Roza"]
[Result "0-1"]
[WhiteElo "2150"]
[BlackElo "2340"]
[PlyCount "86"]
[EventDate "1999.02.04"]
[EventType "team"]
[EventRounds "11"]
[EventCountry "FRA"]
[SourceTitle "EXT 2001"]
[Source "ChessBase"]
[SourceDate "2000.11.22"]
[SourceVersion "1"]
[SourceVersionDate "2000.11.22"]
[SourceQuality "1"]

1. e4 c5 2. Nc3 Nc6 3. f4 d6 4. Nf3 g6 5. Bc4 Bg7 6. 0-0 e6 7. b3 Nge7 8. Bb2 0-0 9. Qe2 d5 10. Bd3 c4 11. bxc4 dxe4 12. Bxe4 Qb6+ 13. Kh1 Qxb2 14. Rab1 Qa3 15. Rb3 Qd6 16. g3 b6 17. Nb5 Qd8 18. c5 Na5 19. Re3 Bb7 20. d4 Bxe4 21. Rxe4 bxc5 22. dxc5 a6 23. Nd6 Qc7 24. Rxe6 Qxc5 25. Ne4 Qc7 26. Rxa6 Rxa6 27. Qxa6 Qxc2 28. Nf6+ Bxf6 29. Qxf6 Qd3 30. Rf2 Nd5 31. Qd4 Qxd4 32. Nxd4 Ne3 33. Nc2 Ng4 34. Re2 f5 35. a3 Nf6 36. Re7 Rd8 37. Nb4 Ne4 38. Kg2 Nc4 39. g4 Rd2+ 40. Kf1 Ne3+ 41. Ke1 Ng2+ 42. Kf1 Rf2+ 43. Kg1 Nxf4 0-1

[Event "FRA-chT 9900"]
[Site "France"]
[Date "2000.02.04"]
[Round "1.6"]
[White "Stoessel, Patrice"]
[Black "Karr, Jean Philippe"]
[Result "0-1"]
[WhiteElo "2150"]
[BlackElo "2304"]
[PlyCount "78"]
[EventDate "1999.02.04"]
[EventType "team"]
[EventRounds "11"]
[EventCountry "FRA"]
[SourceTitle "EXT 2001"]
[Source "ChessBase"]
[SourceDate "2000.11.22"]
[SourceVersion "1"]
[SourceVersionDate "2000.11.22"]
[SourceQuality "1"]

1. d4 Nf6 2. Nc3 d5 3. e4 dxe4 4. f3 exf3 5. Nxf3 e6 6. Bg5 Be7 7. Bc4 0-0 8. 0-0 a6 9. Qe2 b5 10. Bd3 Bb7 11. Rad1 Nbd7 12. a3 c5 13. dxc5 Bxc5+ 14. Kh1 Qc7 15. Bxf6 Nxf6 16. Ng5 Be7 17. Rxf6 Bxf6 18. Nxh7 Rfd8 19. Rf1 Qe5 20. Qf2 Rd4 21. Re1 Qf4 22. Nxf6+ Qxf6 23. Qxf6 gxf6 24. Kg1 Rc8 25. Re3 Rg4 26. g3 f5 27. Ne2 Be4 28. h3 Rg7 29. Bxe4 fxe4 30. c3 f5 31. Nd4 f4 32. Rxe4 fxg3 33. Rxe6 Rf8 34. Re2 Rgf7 35. Kg2 Rf2+ 36. Kxg3 R8f3+ 37. Kg4 Rxe2 38. Nxe2 Rf2 39. Nd4 Rxb2 0-1